|
|
|
|
| LEADER |
00000nam a2200000Ii 4500 |
| 001 |
DIGEDIUOC517 |
| 003 |
NyNyDIG |
| 006 |
m o d |
| 007 |
cr ||||||||||| |
| 008 |
220312s2014 sp o 000 0 spa d |
| 035 |
|
|
|a (OCoLC)908044706
|
| 040 |
|
|
|a DGITA
|b eng
|e rda
|e pn
|c DGITA
|
| 020 |
|
|
|a 9788490642214
|q eBook
|q pdf
|
| 020 |
|
|
|a 9788490646281
|q eBook
|q ePub
|
| 020 |
|
|
|z 9788490642306
|
| 050 |
1 |
4 |
|a G608 ebook
|
| 082 |
0 |
4 |
|a 910.91632
|
| 100 |
1 |
|
|a Canal-Soler, Jordi,
|d 1977-
|e author.
|
| 245 |
1 |
0 |
|a Viaje al blanco :
|b último grado al Polo Norte /
|c Jordi Canal-Soler.
|
| 250 |
|
|
|a Primera edición en formato digital.
|
| 264 |
|
1 |
|a Barcelona :
|b Editorial UOC,
|c [2014]
|
| 300 |
|
|
|a 1 online resource.
|
| 336 |
|
|
|a text
|b txt
|2 rdacontent
|
| 337 |
|
|
|a computer
|b c
|2 rdamedia
|
| 338 |
|
|
|a online resource
|b cr
|2 rdacarrier
|
| 347 |
|
|
|a text file
|2 rdaft
|
| 347 |
|
|
|b PDF
|
| 490 |
1 |
|
|a Cuadernos Livingstone : experiencias de viajeros
|
| 588 |
0 |
|
|a Online resource; title from PDF title page (Digitalia, viewed March 12, 2022)
|
| 600 |
1 |
0 |
|a Canal-Soler, Jordi,
|d 1977-
|v Diaries.
|
| 650 |
|
0 |
|a Explorers
|z Spain
|v Biography.
|
| 651 |
|
0 |
|a North Pole
|x Description and travel.
|
| 655 |
|
0 |
|a Electronic books.
|
| 791 |
2 |
|
|a Digitalia (Firm),
|e distributor.
|
| 793 |
0 |
|
|g Digitalia eBook Collection:
|a Universitat Oberta de Catalunya
|
| 776 |
0 |
8 |
|i Print version:
|a Canal-Soler, Jordi, 1977-
|t Viaje al blanco.
|b Primera edición en lengua castellana.
|d Barcelona : Editorial UOC, [2014]
|z 9788490642306
|
| 830 |
|
0 |
|a Cuadernos Livingstone ;
|v 16.
|
| 856 |
4 |
0 |
|3 Digitalia Hispánica
|u https://www.digitaliapublishing.com/a/30512/
|
| 910 |
|
|
|a Premium collection: 2022
|